|
|
|
|
| LEADER |
00000nab a2200000 a 4500 |
| 001 |
vtls001030027 |
| 003 |
SK-MaSNL |
| 005 |
20260303035631.0 |
| 008 |
040720e20020206xo 0 slo |
| 035 |
|
|
|a SL8581
|
| 040 |
|
|
|a SLLK
|b slo
|c SLLK
|e AACR2
|
| 041 |
0 |
|
|a slo
|
| 044 |
|
|
|a xo
|c SK
|
| 080 |
|
|
|a 614.8
|2 1981
|
| 080 |
|
|
|a 656
|2 1981
|
| 080 |
|
|
|a 343.572
|2 1981
|
| 100 |
0 |
|
|a (rbj)
|4 aut
|9 1022399
|
| 245 |
1 |
0 |
|a Opití vodiči "búrajú" jedna radosť
|
| 650 |
0 |
7 |
|a dopravné nehody
|2 SNKPH
|9 4151
|
| 650 |
0 |
7 |
|a alkohol
|2 SNKPH
|9 15497
|
| 651 |
|
7 |
|a Nová Ľubovňa (Slovensko)
|2 SNKPHgeo
|9 22366
|
| 655 |
|
7 |
|a správy
|2 SNKPH
|9 70563
|
| 773 |
0 |
8 |
|t Tatranský denník
|g Roč. 4, č.31, 6.2.2002, s. 2
|
| 852 |
|
|
|a ZVYKNI
|b KIS3GCP
|
| 999 |
|
|
|c 1678246
|d 1680176
|